000 00361nam a22001457a 4500
008 230504b |||||||| |||| 00| 0 eng d
020 _a978-81-317-3156-7
100 _aL. G. Schiffman & L. L. Kanuk
245 _aConsumer Behavior
250 _a10th Ed.
260 _aNew Delhi
_bPearson Pub.
_c2010
300 _a486
546 _aEnglish
942 _2ddc
_cBK
999 _c20005
_d20005